[Event "XXIV Festival Conca della Presolana A"]
[Site "Bratto - Castione della Presolana ITA"]
[Date "2004.08.23"]
[Round "4"]
[White "Isonzo, David"]
[Black "Maksimenko, Andrei"]
[Result "0-1"]
[WhiteElo "2322"]
[BlackElo "2524"]
[PlyCount "80"]
[EventDate "2004.08.20"]

1.e4 c5 2.Nc3 e6 3.Nge2 a6 4.g3 b5 5.Bg2 Bb7 6.O-O b4 7.Na4 Nf6 8.d3 d6 9.
d4 Bxe4 10.Bxe4 Nxe4 11.d5 e5 12.f4 Nd7 13.fxe5 dxe5 14.Qd3 Nd6 15.Be3 c4 
16.Qd2 Ne4 17.Qe1 Bd6 18.c3 Qa5 19.b3 bxc3 20.Qb1 Qxd5 21.Rd1 Qc6 22.Naxc3
Nxc3 23.Nxc3 cxb3 24.Ne4 Be7 25.Qd3 b2 26.Rab1 O-O 27.Rxb2 Nf6 28.Nxf6+ 
Bxf6 29.Rb6 Qa4 30.Rxf6 gxf6 31.Rf1 Qg4 32.Qd6 Qe6 33.Qb4 Rfc8 34.Qh4 Rc4 
35.Qh6 Rd8 36.Bg5 Rc2 37.Be3 Qc6 38.Qh3 Qe4 39.Bf2 Rdd2 40.Re1 Qf3 0-1

[Event "XXIV Festival Conca della Presolana A"]
[Site "Bratto - Castione della Presolana ITA"]
[Date "2004.08.23"]
[Round "4"]
[White "Jonkman, Harmen"]
[Black "Sax, Gyula"]
[Result "1/2-1/2"]
[WhiteElo "2425"]
[BlackElo "2535"]
[PlyCount "26"]
[EventDate "2004.08.20"]

1.e4 c5 2.c3 d5 3.exd5 Qxd5 4.d4 Nf6 5.Nf3 e6 6.Bd3 Nc6 7.O-O Be7 8.Be3 
cxd4 9.cxd4 O-O 10.Nc3 Qd8 11.a3 b6 12.Qe2 Bb7 13.Rad1 Nd5 1/2-1/2

[Event "XXIV Festival Conca della Presolana A"]
[Site "Bratto - Castione della Presolana ITA"]
[Date "2004.08.23"]
[Round "4"]
[White "Karr, Jean-Philippe"]
[Black "Sanchez, Joseph"]
[Result "0-1"]
[WhiteElo "2370"]
[BlackElo "2453"]
[PlyCount "98"]
[EventDate "2004.08.20"]

1.d4 d5 2.c4 c6 3.Nf3 Nf6 4.Nc3 e6 5.Bg5 Nbd7 6.e3 Qa5 7.cxd5 Ne4 8.Rc1 
exd5 9.Bd3 Bd6 10.Bh4 f5 11.O-O O-O 12.Qc2 Ndf6 13.Bxf6 Rxf6 14.Ne5 Be6 
15.Ne2 Re8 16.Nf4 Bc8 17.f3 Ng5 18.h4 Nf7 19.Nh5 Bxe5 20.dxe5 Rh6 21.Ng3 
g6 22.f4 Rxh4 23.Ne2 Nh6 24.Nd4 Ng4 25.Rf3 Qb6 26.Qc3 Qc7 27.Qe1 Qe7 28.b4
Rh5 29.a3 Rf8 30.Rc2 Kh8 31.Rh3 Rxh3 32.gxh3 Nh6 33.Rg2 Nf7 34.Qc3 Nd8 35.
e6 Rf6 36.Bxf5 Bxe6 37.Bg4 Kg8 38.Nf3 Nf7 39.Nd4 Bd7 40.Bxd7 Qxd7 41.Nb5 
Qe7 42.Nxa7 Nd6 43.b5 Nc4 44.bxc6 bxc6 45.Rg3 Re6 46.f5 Rxe3 47.Rxe3 Qxa7 
48.Kf2 gxf5 49.a4 f4 0-1

[Event "XXIV Festival Conca della Presolana A"]
[Site "Bratto - Castione della Presolana ITA"]
[Date "2004.08.23"]
[Round "4"]
[White "Lanzani, Mario"]
[Black "Sardo, Gabriele"]
[Result "1-0"]
[WhiteElo "2365"]
[BlackElo "2202"]
[PlyCount "81"]
[EventDate "2004.08.20"]

1.d4 d5 2.c4 c6 3.Nf3 Nf6 4.Qb3 e6 5.g3 Be7 6.Bg2 O-O 7.O-O b5 8.c5 a5 9.
Nbd2 Nbd7 10.Qc2 Qc7 11.e4 e5 12.dxe5 Nxe5 13.Nd4 Rd8 14.f4 Neg4 15.e5 Ne3
16.Qd3 Nfg4 17.Re1 Nxg2 18.Kxg2 Bxc5 19.N2f3 b4 20.Ng5 g6 21.e6 f6 22.f5 
Ne5 23.Rxe5 Bxd4 24.Qxd4 Qxe5 25.Qxe5 fxe5 26.e7 Bxf5 27.exd8=Q+ Rxd8 28.
Bd2 c5 29.a3 e4 30.axb4 axb4 31.Ra7 h6 32.Nf7 Rd7 33.Rxd7 Bxd7 34.Ne5 Be6 
35.Bxh6 Kh7 36.Bf8 c4 37.Bxb4 d4 38.Bc5 c3 39.Bxd4 cxb2 40.Bxb2 g5 41.Bc1 
1-0

[Event "XXIV Festival Conca della Presolana A"]
[Site "Bratto - Castione della Presolana ITA"]
[Date "2004.08.23"]
[Round "4"]
[White "Lapiccirella, Daniele"]
[Black "Cardelli, Gabriele"]
[Result "1/2-1/2"]
[WhiteElo "2104"]
[BlackElo "2026"]
[PlyCount "79"]
[EventDate "2004.08.20"]

1.d4 Nf6 2.c4 g6 3.Nc3 d5 4.Nf3 Bg7 5.Bg5 Ne4 6.cxd5 Nxg5 7.Nxg5 e6 8.Nf3 
exd5 9.e3 O-O 10.Bd3 c6 11.O-O Bg4 12.h3 Bxf3 13.Qxf3 Nd7 14.Rac1 f5 15.
Ne2 Nf6 16.Nf4 Qd6 17.Rfd1 Ne4 18.Bf1 Bh6 19.Rc2 Kh8 20.Nd3 f4 21.exf4 
Bxf4 22.Nxf4 Rxf4 23.Qb3 Qd7 24.g3 Rf7 25.Bg2 Ng5 26.Kh2 Raf8 27.f4 Ne6 
28.Qe3 Ng7 29.Re1 Re8 30.Qf2 Rfe7 31.Rce2 Rxe2 32.Rxe2 Rxe2 33.Qxe2 Qe6 
34.Qe5 Qc8 35.Bf3 Qd8 36.g4 Qe8 37.Qc7 Ne6 38.Qe5+ Ng7 39.Qc7 Ne6 40.Qe5+ 
1/2-1/2

[Event "XXIV Festival Conca della Presolana A"]
[Site "Bratto - Castione della Presolana ITA"]
[Date "2004.08.23"]
[Round "4"]
[White "Lapiccirella, Mattia"]
[Black "Mazzariol, Oscar"]
[Result "1-0"]
[WhiteElo "2233"]
[BlackElo "2073"]
[PlyCount "69"]
[EventDate "2004.08.20"]

1.d4 Nf6 2.c4 e6 3.Nf3 b6 4.g3 Bb7 5.Bg2 c5 6.d5 exd5 7.Nh4 g6 8.Nc3 Bg7 
9.O-O O-O 10.cxd5 d6 11.e4 Na6 12.Re1 Re8 13.Bf4 Nh5 14.Be3 Nc7 15.a4 a6 
16.Nf5 gxf5 17.Qxh5 fxe4 18.Bxe4 Rxe4 19.Nxe4 Nxd5 20.Ng5 Qf6 21.Qxh7+ Kf8
22.Qh5 Kg8 23.Rad1 Nxe3 24.fxe3 d5 25.Rf1 Qg6 26.Qg4 Re8 27.Rxf7 Bc8 28.
Qf4 d4 29.Rxg7+ Qxg7 30.exd4 Rf8 31.Qe5 Qd7 32.d5 Qxa4 33.Re1 Qc2 34.Ne4 
Bh3 35.Qg5+ 1-0

[Event "XXIV Festival Conca della Presolana A"]
[Site "Bratto - Castione della Presolana ITA"]
[Date "2004.08.23"]
[Round "4"]
[White "Maccagno, Giancarlo"]
[Black "Marzano, Carlo"]
[Result "0-1"]
[WhiteElo "2099"]
[BlackElo "2244"]
[PlyCount "66"]
[EventDate "2004.08.20"]

1.e4 Nc6 2.Nc3 Nf6 3.d4 d6 4.Be3 e5 5.Nf3 Bg4 6.Bb5 Nd7 7.d5 Ncb8 8.h3 Bh5
9.g4 Bg6 10.h4 h5 11.g5 c6 12.Bd3 Qa5 13.a3 Nc5 14.b4 Nxd3+ 15.Qxd3 Qc7 
16.Nd2 Be7 17.Rg1 O-O 18.Nc4 Nd7 19.Rd1 Rfc8 20.dxc6 Qxc6 21.Nd5 Bf8 22.
Na5 Qxc2 23.Qb5 Bxe4 24.Rg3 Bf5 25.Qxb7 Rab8 26.Qa6 Qa4 27.Bxa7 Ra8 28.Qb7
Qc2 29.Ne3 Qc3+ 30.Kf1 Be6 31.Nd5 Qc2 32.Rgd3 Bf5 33.R3d2 Qe4 0-1

[Event "XXIV Festival Conca della Presolana A"]
[Site "Bratto - Castione della Presolana ITA"]
[Date "2004.08.23"]
[Round "4"]
[White "Mantovani, Renzo"]
[Black "Coratella, Giuseppe"]
[Result "0-1"]
[WhiteElo "2382"]
[BlackElo "2156"]
[PlyCount "90"]
[EventDate "2004.08.20"]

1.e4 e6 2.d4 d5 3.Nc3 Nf6 4.Bg5 Be7 5.e5 Nfd7 6.Bxe7 Qxe7 7.Nf3 a6 8.Bd3 
c5 9.dxc5 Nc6 10.Qe2 Qxc5 11.O-O b5 12.Rfe1 h6 13.a3 Nb6 14.Na2 Bd7 15.c3 
Nc4 16.Nc1 O-O 17.Nb3 Qe7 18.Nbd4 Nxd4 19.cxd4 a5 20.Rac1 Rfc8 21.h4 Rc6 
22.Bb1 Rac8 23.Rc2 b4 24.axb4 Qxb4 25.Kh2 Qb3 26.Rec1 Qb8 27.g3 Rb6 28.Qd3
g6 29.h5 Rb3 30.Rc3 Rxb2 31.hxg6 f5 32.Kg2 Kg7 33.Bc2 a4 34.Nd2 Qb4 35.
Nxc4 Rxc4 36.Rxc4 dxc4 37.Qe3 Bc6+ 38.Kh3 a3 39.Qf4 a2 40.Qh4 Qf8 41.d5 
Rxc2 42.Qd4 Rxc1 43.dxc6 a1=Q 44.Qe3 Kxg6 45.Qf4 Kg7 0-1

[Event "XXIV Festival Conca della Presolana A"]
[Site "Bratto - Castione della Presolana ITA"]
[Date "2004.08.23"]
[Round "4"]
[White "Marchand, Francois"]
[Black "Cazzaniga, Walter"]
[Result "1-0"]
[WhiteElo "2267"]
[BlackElo "2081"]
[PlyCount "83"]
[EventDate "2004.08.20"]

1.d4 Nf6 2.c4 g6 3.Nc3 Bg7 4.e4 d6 5.Nf3 O-O 6.Be2 e5 7.O-O Nc6 8.d5 Ne7 
9.Ne1 Nd7 10.Be3 f5 11.f3 f4 12.Bf2 g5 13.Rc1 Ng6 14.c5 a6 15.cxd6 cxd6 
16.Qb3 Rf7 17.Nd3 Bf8 18.Na4 b5 19.Nc3 g4 20.fxg4 Qg5 21.Ne1 Rg7 22.Nf3 
Qxg4 23.Nd4 Nc5 24.Bxg4 Nxb3 25.Bxc8 Nxc1 26.Be6+ Kh8 27.Nf5 Nd3 28.Nxg7 
Kxg7 29.b3 Nxf2 30.Kxf2 Ra7 31.Rc1 Rc7 32.Ne2 Rxc1 33.Nxc1 Be7 34.b4 Bd8 
35.Bc8 a5 36.bxa5 Bxa5 37.Bd7 Bb6+ 38.Ke2 b4 39.Nd3 Bg1 40.Nxb4 Bxh2 41.
Kf1 Kf7 42.Nc6 1-0

[Event "XXIV Festival Conca della Presolana A"]
[Site "Bratto - Castione della Presolana ITA"]
[Date "2004.08.23"]
[Round "4"]
[White "Mariano, Elia"]
[Black "Piscopo, Pierluigi"]
[Result "1/2-1/2"]
[WhiteElo "2212"]
[BlackElo "2367"]
[PlyCount "46"]
[EventDate "2004.08.20"]

1.Nf3 Nf6 2.c4 g6 3.g3 Bg7 4.Bg2 O-O 5.O-O d6 6.d4 c6 7.Nc3 Qa5 8.e4 e5 9.
h3 Nbd7 10.Be3 exd4 11.Nxd4 Ne5 12.Qe2 Qb4 13.f4 Nxc4 14.a3 Qc5 15.b4 Qh5 
16.Qxc4 Bxh3 17.Nf3 d5 18.exd5 cxd5 19.Qd3 Ne4 20.Nxe4 dxe4 21.Qxe4 Bxa1 
22.Rxa1 Rae8 23.Qd4 b6 1/2-1/2

[Event "XXIV Festival Conca della Presolana A"]
[Site "Bratto - Castione della Presolana ITA"]
[Date "2004.08.23"]
[Round "4"]
[White "Marinelli, Gian Marco"]
[Black "Scacco, Mauro"]
[Result "1-0"]
[WhiteElo "2018"]
[BlackElo "2117"]
[PlyCount "39"]
[EventDate "2004.08.20"]

1.e4 e5 2.Nf3 Nc6 3.d4 exd4 4.Nxd4 Bc5 5.Be3 Qf6 6.c3 Qg6 7.Nd2 Nf6 8.Qc2 
Ng4 9.O-O-O Nxe3 10.fxe3 O-O 11.N2f3 d6 12.Nf5 Bxf5 13.exf5 Bxe3+ 14.Kb1 
Qf6 15.g4 Rfe8 16.h4 Ne5 17.g5 Qe7 18.Nxe5 dxe5 19.Bc4 Kf8 20.f6 1-0

[Event "XXIV Festival Conca della Presolana A"]
[Site "Bratto - Castione della Presolana ITA"]
[Date "2004.08.23"]
[Round "4"]
[White "Miladinovic, Igor"]
[Black "Dervishi, Erald"]
[Result "1-0"]
[WhiteElo "2630"]
[BlackElo "2486"]
[PlyCount "145"]
[EventDate "2004.08.20"]

1.d4 Nf6 2.Bg5 e6 3.e3 c5 4.c3 b6 5.Nd2 Bb7 6.Ngf3 Be7 7.Bxf6 Bxf6 8.Bd3 
cxd4 9.exd4 d6 10.Qe2 Nd7 11.h4 h6 12.g4 Qc7 13.Rg1 g6 14.a4 a5 15.g5 hxg5
16.hxg5 Bg7 17.O-O-O O-O-O 18.Ba6 Bxa6 19.Qxa6+ Kb8 20.Qb5 d5 21.Kb1 Rc8 
22.Rh1 Kb7 23.Nb3 Ka7 24.Rc1 Nb8 25.Rxh8 Rxh8 26.c4 dxc4 27.Nfd2 Rd8 28.
Nxc4 Rd5 29.Na3 Qxc1+ 30.Kxc1 Rxb5 31.Nxb5+ Kb7 32.Kc2 Kc6 33.Kd3 Na6 34.
Ke4 Nb4 35.Nd2 Nd5 36.Nc4 Kd7 37.Ne5+ Ke7 38.Na7 Bxe5 39.dxe5 Kd7 40.Nb5 
Ke7 41.Nd6 Kf8 42.Kd4 Ne7 43.Kc4 Nc6 44.Kb5 Nxe5 45.Kxb6 Ke7 46.Ne4 Nc4+ 
47.Kb5 Nxb2 48.Kxa5 Kd7 49.Kb5 Kc7 50.a5 Nd3 51.a6 Ne5 52.a7 Kb7 53.Kc5 
Kxa7 54.Kd6 Nd3 55.Ke7 Kb6 56.Kxf7 Nf4 57.Kf6 Kc6 58.Ke5 Nh3 59.Kxe6 Nf4+ 
60.Ke5 Nd3+ 61.Kf6 Nf4 62.f3 Kd5 63.Nf2 Kc6 64.Ng4 Kd6 65.Nh6 Kd5 66.Nf7 
Kd4 67.Kg7 Ke3 68.Ne5 Nh3 69.Kh6 Kf4 70.Nxg6+ Kf5 71.Nh4+ Ke6 72.g6 Kf6 
73.g7 1-0

[Event "XXIV Festival Conca della Presolana A"]
[Site "Bratto - Castione della Presolana ITA"]
[Date "2004.08.23"]
[Round "4"]
[White "Mione, Dario"]
[Black "Contin, Daniel"]
[Result "1/2-1/2"]
[WhiteElo "2256"]
[BlackElo "2392"]
[PlyCount "30"]
[EventDate "2004.08.20"]

1.e4 c5 2.Nf3 Nc6 3.c3 e6 4.d4 d5 5.exd5 exd5 6.Bb5 Bd6 7.dxc5 Bxc5 8.O-O 
Ne7 9.Nbd2 O-O 10.Nb3 Bb6 11.Re1 Nf5 12.Bd3 Qd6 13.Bxf5 Bxf5 14.Be3 Bg4 
15.Bxb6 axb6 1/2-1/2

[Event "XXIV Festival Conca della Presolana A"]
[Site "Bratto - Castione della Presolana ITA"]
[Date "2004.08.23"]
[Round "4"]
[White "Navarro, Stefano"]
[Black "Vezzosi, Paolo"]
[Result "0-1"]
[WhiteElo "2117"]
[BlackElo "2350"]
[PlyCount "76"]
[EventDate "2004.08.20"]

1.e4 g6 2.d4 Bg7 3.Nc3 c6 4.Nf3 d6 5.Be2 Nf6 6.h3 O-O 7.O-O Qc7 8.a4 a5 9.
Bg5 e5 10.dxe5 dxe5 11.Bc4 Nbd7 12.Qe2 Nc5 13.Rfd1 Be6 14.Be3 Nfd7 15.Bxe6
Nxe6 16.Qc4 Rfd8 17.Ng5 Ndf8 18.h4 Bf6 19.Nf3 h5 20.Bg5 Bxg5 21.hxg5 Nh7 
22.Kf1 Rac8 23.Rd3 Rxd3 24.Qxd3 Nhxg5 25.Nxg5 Nxg5 26.Rd1 Ne6 27.Qc4 Rd8 
28.Ke1 h4 29.Ne2 Rxd1+ 30.Kxd1 Qb6 31.Qc3 Qxf2 32.Qxa5 Qxg2 33.Qxe5 Ng5 
34.Qb8+ Kh7 35.Qf4 h3 36.Ng3 h2 37.Qh4+ Kg7 38.e5 Qxg3 0-1

[Event "XXIV Festival Conca della Presolana A"]
[Site "Bratto - Castione della Presolana ITA"]
[Date "2004.08.23"]
[Round "4"]
[White "Orsi, Massimiliano"]
[Black "Bartolozzi, Roberto"]
[Result "0-1"]
[WhiteElo "2046"]
[BlackElo "2104"]
[PlyCount "98"]
[EventDate "2004.08.20"]

1.e4 e6 2.d4 d5 3.Nc3 Bb4 4.Bd2 Bxc3 5.Bxc3 dxe4 6.Qg4 Nf6 7.Qxg7 Rg8 8.
Qh6 Rg6 9.Qh4 Nbd7 10.O-O-O b6 11.Bd2 Rg4 12.Qh3 Bb7 13.Qa3 a5 14.Be3 Qe7 
15.Qxe7+ Kxe7 16.c4 Rc8 17.Ne2 c5 18.Nc3 cxd4 19.Bxd4 Ne8 20.Rg1 Nd6 21.
Be2 Rgg8 22.b3 b5 23.c5 Nxc5 24.Kb2 b4 25.Nb5 Nxb5 26.Bxb5 Rgd8 27.Be3 
Nd3+ 28.Bxd3 exd3 29.Rd2 Be4 30.f3 Bg6 31.Bb6 Rd5 32.Rc1 Rxc1 33.Kxc1 e5 
34.Rf2 Ke6 35.Kd2 Rb5 36.Bd8 Kd7 37.Bf6 Ke6 38.Bd8 Rc5 39.Ke3 Kd7 40.Bf6 
Kc6 41.g4 Kd5 42.h4 h5 43.gxh5 Bxh5 44.Rd2 Bg6 45.h5 Bh7 46.Rg2 Ke6 47.Bd8
Rd5 48.Bb6 f5 49.Rg7 d2 0-1

[Event "XXIV Festival Conca della Presolana A"]
[Site "Bratto - Castione della Presolana ITA"]
[Date "2004.08.23"]
[Round "4"]
[White "Passoni, Carlo"]
[Black "Bellia, Fabrizio"]
[Result "0-1"]
[WhiteElo "2286"]
[BlackElo "2409"]
[PlyCount "60"]
[EventDate "2004.08.20"]

1.e4 e5 2.Nf3 Nc6 3.Bb5 a6 4.Ba4 Nf6 5.O-O Be7 6.Re1 b5 7.Bb3 d6 8.c3 O-O 
9.d4 Bg4 10.Be3 Bh5 11.h3 exd4 12.cxd4 d5 13.e5 Ne4 14.Nc3 Nxc3 15.bxc3 
Na5 16.Bc2 Nc4 17.g4 Bg6 18.Bxg6 fxg6 19.Nd2 Nxe3 20.Rxe3 Bg5 21.Rf3 Bf4 
22.Rd3 Qh4 23.Nf1 h5 24.Qe2 Rae8 25.a4 c5 26.axb5 c4 27.Rdd1 Qxh3 28.Rxa6 
Kh7 29.gxh5 Rf5 30.Ng3 Bxg3 0-1

[Event "XXIV Festival Conca della Presolana A"]
[Site "Bratto - Castione della Presolana ITA"]
[Date "2004.08.23"]
[Round "4"]
[White "Patelli, Alessandro"]
[Black "Bergez, Luc"]
[Result "0-1"]
[WhiteElo "2211"]
[BlackElo "2376"]
[PlyCount "92"]
[EventDate "2004.08.20"]

1.Nf3 d5 2.d4 Nf6 3.c4 e6 4.g3 Be7 5.Bg2 O-O 6.O-O dxc4 7.Qc2 a6 8.Qxc4 b5
9.Qc2 Bb7 10.Bd2 Nc6 11.e3 Nb4 12.Bxb4 Bxb4 13.a3 Be7 14.Nbd2 Ra7 15.Rfc1 
Qa8 16.Ne1 Bd5 17.Bxd5 exd5 18.Nd3 Qc8 19.Nb4 Bd6 20.Kg2 h5 21.h4 Re8 22.
Nf3 a5 23.Nc6 Ra6 24.Qd3 Ne4 25.Nce5 Rb6 26.Qe2 f6 27.Nd3 Qg4 28.Ng1 Qg6 
29.Qf3 Nxg3 30.fxg3 Qxd3 31.Qxd5+ Kf8 32.Qxh5 Rxe3 33.Qh8+ Kf7 34.Qh5+ Kg8
35.Re1 Rxg3+ 36.Kh1 Rh3+ 37.Nxh3 Qxh3+ 38.Kg1 Bh2+ 39.Kf2 Qg3+ 40.Ke2 Re6+
41.Kd2 Qf2+ 42.Re2 Qxd4+ 43.Kc2 Qc4+ 44.Kd2 Bf4+ 45.Ke1 Qd3 46.Rd1 Bg3+ 
0-1

[Event "XXIV Festival Conca della Presolana A"]
[Site "Bratto - Castione della Presolana ITA"]
[Date "2004.08.23"]
[Round "4"]
[White "Piantoni, Roberto"]
[Black "Gardi, Giuseppe"]
[Result "1/2-1/2"]
[WhiteElo "2124"]
[BlackElo "2061"]
[PlyCount "37"]
[EventDate "2004.08.20"]

1.d4 g6 2.e4 Bg7 3.c3 d5 4.exd5 Qxd5 5.Nf3 c5 6.dxc5 Qxc5 7.Qb3 Nf6 8.Be3 
Qc7 9.Na3 Nc6 10.Nb5 Qb8 11.Nbd4 Nxd4 12.Bxd4 a6 13.Bc4 O-O 14.Be5 Qa7 15.
Bd4 Qb8 16.a4 b5 17.axb5 axb5 18.Rxa8 Qxa8 19.Be2 1/2-1/2

[Event "XXIV Festival Conca della Presolana A"]
[Site "Bratto - Castione della Presolana ITA"]
[Date "2004.08.23"]
[Round "4"]
[White "Pizzuto, Samuele Tullio"]
[Black "Capece, Adolivio"]
[Result "1-0"]
[WhiteElo "2137"]
[BlackElo "2061"]
[PlyCount "69"]
[EventDate "2004.08.20"]

1.e4 c5 2.Nc3 Nc6 3.Bb5 g6 4.Bxc6 dxc6 5.d3 Bg7 6.Be3 Bd4 7.Qd2 Nf6 8.h3 
Be6 9.Nf3 Qd7 10.O-O-O b5 11.Kb1 Qd8 12.Ne2 Bxe3 13.Qxe3 Qa5 14.Nc1 Qb6 
15.Ng5 Nd7 16.f4 h6 17.Nxe6 fxe6 18.Qg3 Rg8 19.Qh4 h5 20.g4 O-O-O 21.Qxe7 
Rde8 22.Qh4 Qc7 23.Rhf1 hxg4 24.hxg4 g5 25.fxg5 Qe5 26.Rf7 Qxg5 27.Qg3 e5 
28.Rg1 Ref8 29.Qf2 Qg6 30.Rf5 Kb7 31.a3 a5 32.Nb3 a4 33.Nxc5+ Nxc5 34.Rxf8
Rxf8 35.Qxf8 1-0

[Event "XXIV Festival Conca della Presolana A"]
[Site "Bratto - Castione della Presolana ITA"]
[Date "2004.08.23"]
[Round "4"]
[White "Podini, Francesco"]
[Black "Barlocco, Carlo"]
[Result "0-1"]
[WhiteElo "2074"]
[BlackElo "2148"]
[PlyCount "136"]
[EventDate "2004.08.20"]

1.e4 c5 2.Nc3 Nc6 3.f4 e6 4.Nf3 d5 5.Bb5 Nf6 6.Qe2 Be7 7.Bxc6+ bxc6 8.d3 
O-O 9.O-O a5 10.a4 Ba6 11.b3 Ne8 12.e5 Nc7 13.Rd1 Qb8 14.Ba3 Re8 15.Rab1 
c4 16.Bxe7 cxd3 17.cxd3 Rxe7 18.Qe3 Qb4 19.d4 Bc8 20.Na2 Qa3 21.Rd2 Na6 
22.Qc3 Nb8 23.Ne1 Rb7 24.Nd3 Nd7 25.Qxc6 Rab8 26.Nc5 Rb6 27.Qc7 Nf8 28.Qa7
h6 29.Qxa5 Ng6 30.g3 Ne7 31.Qc3 Nc6 32.Kf2 Ba6 33.Nd7 Rxb3 34.Qxc6 Rf3+ 
35.Kg2 Rxb1 36.Qxa6 Rfb3 37.Qc8+ Kh7 38.Nf8+ Kg8 39.Nxe6+ Kh7 40.Nf8+ Kg8 
41.Ng6+ Kh7 42.Qh8+ Kxg6 43.f5+ Kxf5 44.Qxg7 Ke6 45.Qf6+ Kd7 46.Qxf7+ Kd8 
47.Qg8+ Ke7 48.Rf2 R1b2 49.Qf8+ Kd7 50.Qxa3 Rxf2+ 51.Kxf2 Rxa3 52.Nc1 Ke6 
53.Ne2 Kf5 54.h3 Rxa4 55.g4+ Kg5 56.Kg2 Ra2 57.Kf3 Ra3+ 58.Kg2 Rd3 59.Kf2 
Rxh3 60.e6 Kxg4 61.Ng3 Rh2+ 62.Ke3 Ra2 63.Ne2 Ra6 64.Nf4 Ra3+ 65.Nd3 Ra7 
66.Ne5+ Kf5 67.Nf7 h5 68.Ne5 Re7 0-1

[Event "XXIV Festival Conca della Presolana A"]
[Site "Bratto - Castione della Presolana ITA"]
[Date "2004.08.23"]
[Round "4"]
[White "Raselli, Claudio"]
[Black "Canova, Luca"]
[Result "1/2-1/2"]
[WhiteElo "2061"]
[BlackElo "2017"]
[PlyCount "69"]
[EventDate "2004.08.20"]

1.c4 e5 2.Nc3 Nf6 3.g3 c5 4.Bg2 Nc6 5.e3 d6 6.Nge2 Be6 7.Nd5 Be7 8.O-O Qd7
9.b3 g5 10.Bb2 h5 11.d4 Bh3 12.dxe5 Bxg2 13.Kxg2 dxe5 14.Nxf6+ Bxf6 15.
Qxd7+ Kxd7 16.Rad1+ Ke6 17.Rd2 Rhd8 18.Rfd1 Rxd2 19.Rxd2 Rd8 20.Rxd8 Bxd8 
21.Ba3 b6 22.Nc3 f5 23.Nd5 Ne7 24.Nxe7 Bxe7 25.Bb2 e4 26.Kf1 Kd7 27.Ke2 
Kc6 28.h3 g4 29.h4 b5 30.Bc3 bxc4 31.bxc4 Kb7 32.Kd1 Bd6 33.Kc2 Ka6 34.Kb3
Bc7 35.Ka4 1/2-1/2

[Event "XXIV Festival Conca della Presolana A"]
[Site "Bratto - Castione della Presolana ITA"]
[Date "2004.08.23"]
[Round "4"]
[White "Ricci, Marco"]
[Black "Radice, Luca"]
[Result "1-0"]
[WhiteElo "2147"]
[BlackElo "2085"]
[PlyCount "93"]
[EventDate "2004.08.20"]

1.e4 e6 2.d4 d5 3.Nc3 Bb4 4.e5 c5 5.Bd2 cxd4 6.Nb5 Bf8 7.Nxd4 Ne7 8.f4 
Nbc6 9.Ngf3 Qb6 10.Bc3 Ng6 11.Qd2 a5 12.a3 Bd7 13.Be2 Be7 14.O-O a4 15.Kh1
O-O 16.b4 axb3 17.Rfb1 Rxa3 18.Rxa3 Bxa3 19.Rxb3 Qc5 20.Rxb7 Nxd4 21.Nxd4 
Qc8 22.Rb3 Be7 23.g3 f6 24.Nf3 Ba4 25.exf6 gxf6 26.Rb1 Rd8 27.Bd3 Bc6 28.
Nd4 Ba8 29.f5 Nf8 30.fxe6 Bc5 31.Bf5 Be7 32.Qd3 Qc5 33.Bb4 Qc7 34.Bxe7 
Qxe7 35.Bh3 Ng6 36.Nf5 d4+ 37.Kg1 Qc5 38.Rb5 Qc6 39.Kf2 Qh1 40.e7 Qxh2+ 
41.Ke1 Re8 42.Qb3+ Kh8 43.Rb8 Qh1+ 44.Bf1 Qe4+ 45.Be2 Qxf5 46.Rxe8+ Kg7 
47.Rxa8 1-0

[Event "XXIV Festival Conca della Presolana A"]
[Site "Bratto - Castione della Presolana ITA"]
[Date "2004.08.23"]
[Round "4"]
[White "Rombaldoni, Axel"]
[Black "Pechy, Alaster"]
[Result "1-0"]
[WhiteElo "2063"]
[BlackElo "2138"]
[PlyCount "83"]
[EventDate "2004.08.20"]

1.e4 c5 2.Nf3 Nc6 3.d4 cxd4 4.Nxd4 Nf6 5.Nc3 e5 6.Ndb5 d6 7.Nd5 Nxd5 8.
exd5 Nb8 9.c4 Be7 10.Be2 O-O 11.O-O a6 12.Nc3 f5 13.f3 Nd7 14.Be3 Kh8 15.
b4 b6 16.a4 Bb7 17.a5 Rc8 18.Qb3 f4 19.Bf2 Bh4 20.g3 Qg5 21.Ne4 Qg6 22.Kh1
fxg3 23.hxg3 Bd8 24.Kg2 Nf6 25.Nxf6 Bxf6 26.Bd3 e4 27.Bxe4 Qf7 28.Rad1 
bxa5 29.Rh1 g6 30.bxa5 Kg7 31.Rb1 Rc7 32.c5 dxc5 33.d6 Bxe4 34.dxc7 c4 35.
Qb8 Be5 36.Kg1 Rxb8 37.cxb8=Q Bxb8 38.Bd4+ Kf8 39.Rxb8+ Ke7 40.fxe4 Kd6 
41.Rb6+ Kc7 42.Be5+ 1-0

[Event "XXIV Festival Conca della Presolana A"]
[Site "Bratto - Castione della Presolana ITA"]
[Date "2004.08.23"]
[Round "4"]
[White "Rosin, Federico"]
[Black "Contini, Gabriele"]
[Result "1-0"]
[WhiteElo "2124"]
[BlackElo "2048"]
[PlyCount "85"]
[EventDate "2004.08.20"]

1.c4 Nf6 2.Nc3 d5 3.cxd5 Nxd5 4.g3 e5 5.Bg2 Nb6 6.d3 Be7 7.Nf3 Nc6 8.O-O 
O-O 9.a3 Be6 10.b4 a5 11.b5 Nd4 12.Nxd4 exd4 13.Na4 Bd5 14.Nxb6 cxb6 15.
Bh3 Re8 16.Bb2 Bc5 17.Qd2 Qd6 18.Rfe1 Qe7 19.Qf4 Rad8 20.Bg4 Qe5 21.e4 Bb3
22.Qxe5 Rxe5 23.f4 Ree8 24.Bd1 Bxd1 25.Rexd1 f6 26.Kf2 Kf7 27.Kf3 Rd7 28.
a4 Ree7 29.Rac1 g6 30.g4 Ke6 31.Rg1 Rg7 32.Rg2 h5 33.f5+ gxf5 34.gxf5+ Kd6
35.Rcg1 Rxg2 36.Rxg2 Rh7 37.Rg6 Ke7 38.Bc1 Kf7 39.Bf4 h4 40.h3 Ke7 41.e5 
fxe5 42.Bxe5 Rf7 43.Re6+ 1-0

[Event "XXIV Festival Conca della Presolana A"]
[Site "Bratto - Castione della Presolana ITA"]
[Date "2004.08.23"]
[Round "4"]
[White "Temi, Walter"]
[Black "Magrini, Riccardo"]
[Result "1/2-1/2"]
[WhiteElo "2101"]
[BlackElo "2270"]
[PlyCount "49"]
[EventDate "2004.08.20"]

1.e4 c5 2.Nf3 e6 3.c3 d5 4.e5 Bd7 5.d4 Qb6 6.Be2 Bb5 7.c4 Bxc4 8.Bxc4 dxc4
9.d5 exd5 10.Qxd5 Qc6 11.Qxc4 Nd7 12.Nc3 Ne7 13.O-O Nb6 14.Qe2 Nf5 15.Qd3 
Nd4 16.Nxd4 cxd4 17.Qxd4 Bc5 18.Qe4 O-O 19.Qg4 Qg6 20.Qxg6 hxg6 21.Re1 
Rfe8 22.Re4 f5 23.Re2 Re6 24.Bf4 Rd8 25.a3 1/2-1/2

[Event "XXIV Festival Conca della Presolana A"]
[Site "Bratto - Castione della Presolana ITA"]
[Date "2004.08.23"]
[Round "4"]
[White "Ticozzi, Stefano"]
[Black "Campini, Marco"]
[Result "1/2-1/2"]
[WhiteElo "2079"]
[BlackElo "2173"]
[PlyCount "109"]
[EventDate "2004.08.20"]

1.d4 d5 2.Nf3 Nf6 3.Bg5 Nbd7 4.e3 e6 5.Nbd2 Be7 6.Bd3 b6 7.c3 Bb7 8.O-O 
Ne4 9.Bxe7 Qxe7 10.Qc2 f5 11.Be2 O-O 12.Ne5 Nxe5 13.dxe5 f4 14.Bd3 Nxd2 
15.Qxd2 f3 16.g3 Qg5 17.Rfe1 Qxe5 18.e4 Rad8 19.Qc2 d4 20.cxd4 Rxd4 21.Re3
c5 22.Qc3 g5 23.h3 h5 24.Bc2 g4 25.h4 Rfd8 26.Rae1 Kf7 27.a3 Kf6 28.Bd3 
R4d7 29.Qc2 a6 30.b3 Ke7 31.a4 Ra8 32.Rc1 Rd4 33.a5 Rc8 34.axb6 Kd6 35.Qc3
Rb4 36.Qc2 Rxb6 37.Bc4 Ke7 38.Rd1 Rcc6 39.Bd5 Rc7 40.Bxb7 Rbxb7 41.Red3 
Rb4 42.Qd2 Rd4 43.Rxd4 cxd4 44.Qb4+ Qc5 45.Qd2 Qe5 46.Qb4+ Kf7 47.Rxd4 Qc5
48.Rd7+ Kg6 49.Qxc5 Rxc5 50.Rd6 Rc1+ 51.Kh2 Kf6 52.Rxa6 Rf1 53.Ra2 Rb1 54.
Ra5 Rf1 55.Ra2 1/2-1/2

[Event "XXIV Festival Conca della Presolana A"]
[Site "Bratto - Castione della Presolana ITA"]
[Date "2004.08.23"]
[Round "4"]
[White "Valenti, Giuseppe"]
[Black "Buccoliero, Alessandro"]
[Result "0-1"]
[WhiteElo "2288"]
[BlackElo "2123"]
[PlyCount "67"]
[EventDate "2004.08.20"]

1.e4 e6 2.d4 d5 3.Nc3 Bb4 4.e5 c5 5.a3 Bxc3+ 6.bxc3 Qc7 7.Nf3 Ne7 8.h4 Bd7
9.h5 cxd4 10.cxd4 Ba4 11.Ra2 h6 12.Bd3 Nbc6 13.Rh4 Nf5 14.Rf4 g5 15.hxg6 
fxg6 16.Nh4 Qg7 17.Qg4 Rg8 18.Kf1 O-O-O 19.Nxf5 gxf5 20.Qxg7 Rxg7 21.c3 
Rh8 22.Rh4 h5 23.Be2 Bb3 24.Rb2 Bc4 25.Bxc4 dxc4 26.f3 a6 27.a4 Rc7 28.Bg5
Ne7 29.Bf6 Ng6 30.Rh2 Rhh7 31.Rb6 Rc6 32.Rb1 Nf4 33.g3 Nd5 34.Rc2 0-1